Gaming Quiz

Random Gaming or Pokémon Quiz
Score 0/71 Timer 10:00
0 Plays Today
Hint Answer % Correct
PWLMega Manectric
77.8%
PWLZygarde
77.8%
ABL Season 1Mega Medicham
77.8%
ABL Season 1Milotic
77.8%
ABL Season 2Mega Venusaur
77.8%
ABL Season 2Hoopa-Unbound
77.8%
ABL Season 2Skarmory
77.8%
ABL Season 2Milotic
77.8%
PSL Season 2Mega Ampharos
77.8%
PSL Season 2Kartana
77.8%
PSL Season 2Keldeo
77.8%
PSL Season 2Victini
77.8%
UPAHoopa-Unbound
77.8%
UPAZygarde
77.8%
DBARegisteel
77.8%
DBANidoking
77.8%
PWLGreninja-Ash
66.7%
ABL Season 2Kyurem
66.7%
PSL Season 2Florges
66.7%
PSL Season 2Lunatone
66.7%
UPAMega Mawile
66.7%
DBAKyurem-Black
66.7%
DBAPorygon2
66.7%
DBAAlomomola
66.7%
DBABlaziken
66.7%
DBASceptile
66.7%
PWLTornadus-Therian
55.6%
PWLBronzong
55.6%
PWLMagmortar
55.6%
ABL Season 1Heliolisk
55.6%
ABL Season 1Torkoal
55.6%
ABL Season 2Volcarona
55.6%
ABL Season 2Diggersby
55.6%
PSL Season 2Ninetales-Alola
55.6%
PSL Season 2Sandslash-Alola
55.6%
UPAInfernape
55.6%
Hint Answer % Correct
UPAJolteon
55.6%
DBAMega Sableye
55.6%
DBATogekiss
55.6%
DBAXurkitree
55.6%
PWLAmbipom
44.4%
PWLHitmonchan
44.4%
PWLQuagsire
44.4%
ABL Season 1Staraptor
44.4%
ABL Season 2Zapdos
44.4%
ABL Season 2Ambipom
44.4%
ABL Season 2Granbull
44.4%
PSL Season 2Mandibuzz
44.4%
PSL Season 2Golurk
44.4%
UPABlastoise
44.4%
DBABeheeyem
44.4%
PWLTogetic
33.3%
ABL Season 1Suicune
33.3%
ABL Season 1Ferrothorn
33.3%
ABL Season 1Flygon
33.3%
ABL Season 1Chandelure
33.3%
ABL Season 1Vileplume
33.3%
ABL Season 2Conkeldurr
33.3%
UPAReuniclus
33.3%
UPAAmoongus
33.3%
UPARibombee
33.3%
UPAVaporeon
33.3%
UPABraviary
33.3%
UPAAccelgor
33.3%
PWLDusclops
22.2%
ABL Season 1Bisharp
22.2%
ABL Season 1noivern
22.2%
PSL Season 2Bouffalant
22.2%
PWLShaymin
11.1%
ABL Season 2Armaldo
11.1%
PSL Season 2Araqinuid
11.1%
Come Together.
Have Fun.
All Virtual.
We all need to come together. Play Sporcle's virtual live trivia to have fun, connect with people, and get your trivia on. Join a live hosted trivia game for your favorite pub trivia experience done virtually. If a virtual private party is more your thing, go here for details.

You're not logged in!

Compare scores with friends on all Sporcle quizzes.
OR
Log In

Sporcle TV

Today on Sporcle TV


Watch our educational content, quiz creation guides, and fun videos on Sporcle TV.

Show Comments

Extras

Created Apr 8, 2018ReportNominate
Tags:Pokémon Quiz

Top Quizzes Today


Score Distribution

Paid Content

Your Account Isn't Verified!

In order to create a playlist on Sporcle, you need to verify the email address you used during registration. Go to your Sporcle Settings to finish the process.

Report this User

Report this user for behavior that violates our Community Guidelines.

Details: